000 00324nam a2200157Ia 4500
100 _aMahapragya/Acharya
650 _aGeneral
942 _cBK
366 _f17.5
245 _aThe family and nation
260 _bHarper collins
_c2008
082 _a320.11/MAH
_bMAH
300 _a213
546 _aENGLISH
999 _c20118
_d20118